000 00539nam a2200229Ia 4500
003 OSt
005 20221005122403.0
006 a|||||r|||| 00| 0
007 ta
008 221004b |||||||| |||| 00| 0 kan d
024 _a59249
037 _cTextual
040 _aCRL
_cCRL
_bkan
041 _2kan
_akan
082 _aB93, 33K6
100 _aTangaraj
_9631895
245 0 _aJeevadata surya
260 _c1966
650 _aMATHEMATICS
942 _hB93, 33K6
_cTEXL
_2cc
999 _c1044134
_d1044134